00326pab a2200109 454500008004000000100001900040245007600059260000900135300001000144650003400154773002800188180718b1988 xxu||||| |||| 00| 0 eng d aDarrat, Ali F. aThe stability of the Indian money demand functionbSome further results c1988 a89-96 aMoney - Stabilisation - India aSavings and Development